[Event "Match 78__120'/40"]
[Site "Zurich"]
[Date "2024.??.??"]
[Round "10"]
[White "Mephisto Polgar sel. 5"]
[Black "Saitek D+ EGR 10 MHz"]
[Result "1-0"]
[WhiteElo "1991"]
[BlackElo "1992"]
[Annotator "Utzinger,K"]
[PlyCount "166"]
[EventDate "2024.05.22"]
[EventType "match"]
[SourceVersionDate "2024.04.21"]

{[%evp 0,166,27,27,33,4,55,32,71,11,-11,-1,-3,-11,25,18,42,41,76,76,55,55,27,10,47,54,59,45,31,53,57,58,95,88,170,170,196,196,196,182,210,255,499,292,266,493,569,169,152,95,96,88,180,137,141,125,173,114,196,147,159,170,170,173,161,178,276,200,217,91,96,100,98,99,88,99,100,100,105,102,105,125,128,125,134,135,152,117,130,121,139,137,186,124,125,121,121,149,159,147,143,137,150,153,211,222,225,241,266,280,292,293,293,289,304,296,315,304,315,318,325,355,451,484,485,504,504,516,517,527,543,543,552,563,571,517,581,500,500,505,505,527,590,595,626,547,556,561,547,547,547,547,577,557,557,547,557,669,952,1012,1419,1657,1837,1914,2385,29975,29983,29984,29987]} 1. d4 Nf6 {Match 120'/40 | Bediener: Rolf Bühler | 10. Partie: Weiss (Mephisto Polgar) gewinnt | Zwischenstand: 5,5-4,5 (55%) für Saitek D+ / hypothetisch: 6,0-4,0 (60%) für Mephisto Polgar | Eröffnung: Grünfeld Indisch, Stockholm Variante mit 4.Lg5 | Schon bald nach Ende der Eröffnungsphase schwächt der Nachziehende seine Königsstellung auf den dunklen Feldern und gerät in eine positionell verlorene Stellung. Diese führt der Mephisto Polgar auf recht ordentliche Weise zum wohl verdienten Sieg. So endet die 1. Staffel mit 5,5-4,5 knapp zugunsten des Programms von Julio Kaplan.} 2. c4 g6 3. Nc3 d5 4. Bg5 Ne4 5. Bh4 c5 6. cxd5 Nxc3 {***ENDE BUCH*** = 0.06 (51%)} 7. bxc3 {***ENDE BUCH*** = 0.09 (51%)} Bg7 (7... Qxd5 8. e3 Bg7 9. Nf3 cxd4 10. cxd4 Nc6 11. Be2 O-O 12. O-O Bf5 13. Nd2 e5 14. Bf3 Qd6 15. Nc4 Qb4 16. Bxc6 Qxc4 17. Bxb7 Rab8 18. Qf3 exd4 19. Bd5 Qb4 20. e4 Be6 21. Rad1 Qc3 22. Qf4 Bxd5 23. exd5 Qc5 24. Bf6 Bxf6 25. Qxf6 Qxd5 26. Qxd4 Qxa2 27. Ra1 {½-½ (27) Gelfand,B (2758)-Carlsen,M (2801) Moscow 2009}) 8. Qa4+ Bd7 9. Qa3 cxd4 10. cxd4 (10. Nf3 dxc3 11. e3 h6 12. Be2 b5 13. Nd4 g5 14. Bg3 Qb6 15. Qxc3 a5 16. Rc1 Na6 17. O-O O-O 18. Qc2 b4 19. Qe4 Rae8 20. Rc6 Nc5 21. Rxb6 Nxe4 22. Nc6 Nxg3 23. hxg3 Bxc6 24. dxc6 Be5 25. Rd1 Bd6 26. Ba6 Kg7 27. Rc1 Bc7 28. Rb7 Be5 29. Ra7 Ra8 30. Rxa8 Rxa8 31. Bb7 Ra7 32. f4 Bc7 33. a4 bxa3 34. Ra1 Kf6 35. Rxa3 a4 36. Kf2 Ke6 37. Ke2 Bd6 38. Kd3 Ra5 39. Rc3 a3 40. Rc1 a2 41. Ra1 Ra3+ 42. Ke2 Bb8 43. fxg5 hxg5 44. c7 Bxc7 45. e4 Ke5 46. Bd5 e6 47. Rxa2 Rxg3 48. Kf2 Rc3 49. Ba8 Kf4 50. Ra1 Rc2+ 51. Kg1 Bb6+ 52. Kh1 Bf2 53. e5 g4 54. Ra4+ Kg5 55. Kh2 g3+ 56. Kh3 Rc1 57. Rg4+ Kf5 58. Be4+ Kxe5 59. Kh4 Rh1+ {0-1 (59) Kahn,E (2245)-Dragojlovic,A (2315) Budapest 1989}) 10... Bxd4 {Es steht ausgeglichen.} 11. Rb1 b6 {Eine unnötige Schutzmassnahme, denn der Bauer b7 ist tabu. Das ist allerdings für unsere Oldies wohl nicht zu erkennen.} (11... Na6 12. Rxb7 $2 Bb6 13. Qxa6 Ba5+ 14. Kd1 Ba4+ {und gewinnt}) (11... O-O 12. Rxb7 $2 Ba4 $3 13. Qxa4 Bc3+ 14. Kd1 Qxd5+ {und gewinnt}) 12. Nf3 Bc5 13. Qc3 {Ein Tempoverlust, wie sich bald zeigt.} (13. Qb2 $1 $16 {ist noch stärker, denn auf der offenen c-Linie kann die Dame unter Beschuss geraten.} O-O 14. e4 {und Weiss steht besser.}) 13... O-O 14. e4 Qc8 {Wegen der Drohung ...Lxf2+ gefolgt von ...Dxc3 muss die weisse Dame wieder weichen.} 15. Qb2 e6 $6 {Wenn man nun die blossgelegten dunklen Felder um den schwarzen König betrachtet, wird einem angst und bange. Ich hätte mich für 15...f6 entschieden, was die Löcher stopft und auch gegen e4-e5 wirkt. Nun verbessert Weiss die Stellung seines Lh4.} 16. Bg5 {[#]} f5 $2 {[%mdl 2] Diese Schwächung verliert die Partie ... sofern der Gegner richtig handelt.} 17. Bh6 $1 {Auch 17.Lc4 gewinnt. Nun droht Dg7 Matt. Die schwarzfeldrigen Schwächen lassen grüssen.} Rf7 18. Ne5 $1 Re7 19. Bc4 $1 Bd6 20. Rc1 $1 $18 {Jeder Zug sitzt! Die schwarze Stellung ist nicht mehr zu halten.} fxe4 21. Bg5 {Es gibt wenige Züge, die nicht gewinnen.} Re8 22. dxe6 Bxe6 23. Bb5 {+- 4.96 (100%) Selbst diese Fortsetzung, nebst noch stärkeren, genügt vollauf für den Gewinn.} (23. Ng4 {+- 6.96 (100%)}) (23. Bd5 {+- 6.78 (100%)}) (23. Bb3 {+- 5.50 (100%)}) (23. Bh6 {+- 4.76 (100%)}) 23... Bc5 24. Bxe8 ({Gar noch stärker ist} 24. Rxc5 Qxc5 (24... bxc5 25. Nf7 $1 $18) 25. Bxe8 $18) 24... Qxe8 25. O-O Nc6 26. Nxc6 Qxc6 27. Rfd1 Qe8 28. Rc2 Qf7 29. Rcd2 {Jetzt beherrscht Weiss auch noch vollständig die offene d-Linie. Es droht tödlich Td8+ usw.} Rf8 30. Bh6 e3 {Pure Verzweiflung würde man bei einem menschlichen Spieler ausrufen.} (30... Re8 $2 31. Rd8 $18) 31. fxe3 Bg4 32. Re1 Rc8 33. Rf2 Qe7 34. Qf6 {Damentausch ist nicht die beste, bzw. schnellste Methode, um den Gegner platt zu machen.} Qxf6 35. Rxf6 Bb4 36. Rb1 Ba3 37. Rf4 Bf5 38. Rd1 Bc5 39. Kf2 Re8 40. Rc4 Kf7 41. Kf3 Rc8 42. a4 a6 43. g4 {Gegnerische Figuren soll man einschränken.} Be6 44. Rf4+ Ke8 45. h4 Be7 46. g5 Rc2 47. Bg7 Bd7 48. Bf6 Bc6+ 49. Kg4 Rg2+ 50. Kh3 Re2 51. Rd3 b5 52. Bxe7 Kxe7 53. axb5 Bd7+ 54. Kg3 Bxb5 {[#] Mal sehen, ob Weiss seine klare Gewinnstellung zum Sieg führen kann.} 55. Re4+ Kf7 56. Rd6 Re1 57. Rb6 Rg1+ 58. Kf4 Rf1+ 59. Ke5 Kg7 60. Rf4 Re1 61. Rb7+ Kg8 62. e4 Bc4 63. Kf6 Kh8 64. e5 {Hier hätte 64.h5 zum Matt in 9 Zügen geführt. Aber auch der Textzug genügt vollauf.} Bg8 65. Ra7 Ra1 66. e6 a5 67. Ra6 Re1 68. Ra4 Rf1+ 69. Ke7 Re1 70. R4xa5 Kg7 71. Kd7 h6 72. gxh6+ Kxh6 73. e7 Bf7 74. Rd6 Kg7 75. Rd4 Kf6 76. Rf4+ Kg7 77. Raa4 g5 {Alles andere verliert noch schneller.} 78. hxg5 Bg6 79. Ra7 Rd1+ 80. Kc8 Rc1+ 81. Kd8 Rd1+ 82. Rd7 Rxd7+ 83. Kxd7 Bh5 {***AUFGEGEBEN***} 1-0

[Event "Match 78__120'/40"]
[Site "Zurich"]
[Date "2024.??.??"]
[Round "11"]
[White "Saitek D+ EGR 10 MHz"]
[Black "Mephisto Polgar sel. 5"]
[Result "1-0"]
[WhiteElo "1992"]
[BlackElo "1991"]
[Annotator "Utzinger,K"]
[PlyCount "84"]
[EventDate "2024.05.22"]
[EventType "match"]
[SourceVersionDate "2024.04.21"]

1. d4 d5 {Match 120'/40 | Bediener: Rolf Bühler | 11. Partie: Weiss (Saitek D+) gewinnt | Zwischenstand: 6,5-4,5 (59%) für Saitek D+ / hypothetisch: 7,0-4,0 (63,6%) für Mephisto Polgar | Eröffnung: Damengambit, Slawische Verteidigung, Geller Gambit 5.e4 | Wie schon fast üblich in dieser für unsere Oldies viel zu komplexen Eröffnung, kommen beide Programme nicht nur in der Eröffnung, sondern ganz grundsätzlich in der Partie mit den entstehenden Problemen überhaupt nicht zurecht. Die beidseitig verpassten Gewinn- und Ausgleichschancen bestätigen das Gesagte. Fazit: Das Geller Gambit in der Slawischen Verteidigung müsste aus den Büchern unserer Oldies für Weiss als aktive Fortsetzung verbannt werden. In diesem Auf- und Ab heisst der mehr als glückliche Sieger schliesslich Saitek D+.} 2. c4 c6 3. Nc3 Nf6 4. Nf3 dxc4 5. e4 (5. a4 Bf5 6. e3 e6 7. Bxc4 {ist die Hauptvariante der Slawischen Verteidigung}) 5... b5 6. e5 {Das ist die alte Hauptvariante. Heute sind Fortsetzungen wie 6.Le2 und 6.Dc2 oder 6.a4 auf höchstem Niveau modern geworden.} Nd5 {***ENDE BUCH*** =+ (-0.32) (46%)} 7. Ng5 {Und hier ist 7.a4 weit üblicher.} Bf5 {Die von meiner Engine bevorzugte Fortsetzung 7...h6 findet sich in der folgenden Variante:} (7... h6 8. Nge4 Bf5 9. g4 Bg6 10. Bg2 e6 11. O-O h5 12. Bg5 Qc7 $15 {mit leichtem Vorteil für Schwarz =+ (-0.51) (42%)}) 8. e6 fxe6 9. g4 {***ENDE BUCH*** = (0.00) (50%)} h6 10. gxf5 hxg5 11. Be2 $6 {Das vom englischen GM Anthony Miles in einer seiner Partien angewandte 11.fxe6 ist gesünder.} (11. fxe6 Nxc3 12. bxc3 Qd5 13. Rg1 Qxe6+ 14. Be3 Nd7 15. Rxg5 Nb6 16. Bg2 Rxh2 17. a4 Nxa4 18. d5 cxd5 19. Bxd5 Rd8 20. Qf3 Qf6 21. Bc6+ Kf7 22. Rxb5 Nxc3 23. Rc5 Rh4 24. Kf1 e6 25. Rxa7+ Kg8 26. Rg5 Be7 27. Rg4 Rxg4 28. Qxg4 Nd5 29. Bd4 e5 30. Bxd5+ Rxd5 31. Be3 Rd8 32. Qxc4+ Kh7 33. Qe4+ Kh8 34. Qg4 Rf8 35. Rc7 Bd6 36. Rc8 Rxc8 37. Qxc8+ Kh7 38. Qh3+ Kg8 39. Qc8+ Kf7 40. Qd7+ Kg6 41. Qg4+ Kh7 42. Qh5+ Kg8 43. Qe8+ Bf8 44. Bc5 Qf7 45. Qxf7+ Kxf7 46. Bb6 {½-½ (47) Miles,A (2550)-Kurajica,B (2545) Benasque 1997}) 11... exf5 12. Bh5+ Kd7 13. Bxg5 $19 {[%mdl 2] [#] Weiss ist mit meinem Desaster aus der Eröffnung ins Mittelspiel geraten und hat 2 Bauern weniger ohne erkennbare Kompensation. Jetzt muss Schwarz nur noch seine Figuren gut aufstellen und das Schicksal nähme seinen Lauf.} Qa5 $2 {[%mdl 32768] Das ist überraschend völlig falsch. Nach 13...Dc7 attestiert Stockfish 16.1 eine Variante auf ST 50 mit Gewinnstellung für Schwarz am Ende. Nach dem schlechten Textzug steht es erstaunlicherweise ausgeglichen. Das alles ist natürlich durch unsere Schätze nicht zu erkennen.} ({Stockfish 16.1:} 13... Qc7 14. h4 e6 15. Bf3 Na6 16. a4 b4 17. Ne2 Qa5 18. b3 c3 19. Nf4 Nxf4 20. Bxf4 Nc7 21. Qe2 Be7 22. O-O-O Bf6 23. h5 Rae8 24. Rhg1 Re7 25. Bg5 Qa6 26. Qe1 Nd5 27. Bxf6 gxf6 28. Kb1 Kd8 29. Rg2 Qb6 30. Qf1 Nf4 31. Rg3 Kc8 32. Qg1 Kb7 33. Rg7 Qc7 34. Rxe7 Qxe7 35. Qf1 Nd5 36. Qe2 Qd6 37. Rg1 Rh7 38. h6 Qd7 39. Qc4 a5 40. Rg6 Qf7 41. Bh5 Qf8 42. Qc5 {[%eval -156,50] [%wdl 0,96,904]}) 14. Qf3 $2 $19 {[%mdl 2] Das aber sollte wieder verlieren. Auch das zu erkennen, ist für unsere Oldies hoffnungslos.} (14. O-O $1 {hält die Balance} Nxc3 15. bxc3 Qxc3 16. d5 Qd3 17. Bf3 cxd5 18. Bxd5 Nc6 19. a4 e6 20. Bxc6+ Kxc6 21. axb5+ Kb7 22. Qa4 Qf3 23. Rfd1 Bc5 24. Rd7+ Kc8 25. Rd2 c3 26. Ra3 Kb7 (26... Bxa3 $4 27. Qc4+ Kb7 28. Rd7+ Kb6 29. Be3+ Ka5 30. Rd4 $18) 27. Rd7+ Kc8 28. Rd2 $11) 14... Nxc3 15. Bd2 b4 16. bxc3 $19 b3 $2 $16 {[%mdl 32768] Wirft nicht nur den Gewinn weg, sondern erlaubt gar dem Gegner in Vorteil zu kommen.} (16... e6 $1 17. Rg1 Na6 18. Kf1 b3 $19 {und gewinnt}) 17. Bf7 e6 $16 {Weiss steht besser.} 18. Qe2 $2 $17 {[%mdl 32768] Schwarz steht klar besser, also erneute Wende.} Qd5 {Bei zwei gesunden Mehrbauern und gesicherter Stellung für Schwarz ist Weiss hoffnungslos im Hintertreffen.} 19. Rg1 $19 Rh4 $2 $11 {[%mdl 32768] Und diese Mal stolpert der Mephisto Polgar vom Gewinn in den Ausgleich.} (19... a5 20. Kf1 Na6 $19) 20. f3 $11 Qd6 $2 $14 {[%mdl 32768] Der Mephisto Polgar ist von Sinnen und gibt freiwillig seinen Bauern auf c4, so dass nun der Vorteil an Weiss übergeht.} 21. Qxc4 $14 bxa2 $2 $18 {[%mdl 32770] [#] Oops, nun gerät Schwarz gar in eine verlorene Stellung.} (21... g5 $1 22. Bxg5 (22. axb3 Be7 $11) (22. Qxb3 Na6 $11) 22... b2 23. Rb1 Rxh2 $11) 22. Rg6 $1 {Plötzlich ist die schwarze Königsstellung eine grosse Schwäche geworden.} Rxh2 23. Bxe6+ Kd8 $18 24. Rg1 $2 $11 {[%mdl 32768] Für einmal ist es Weiss, der seine Gewinnstellung in den Sand setzt.} (24. Qxa2 Rh1+ 25. Ke2 Rxa1 26. Qxa1 Nd7 27. Qa5+ {und gewinnt}) 24... f4 $2 $18 {[%mdl 2] Aber umgehend revanchiert sich Mephisto Polgar und stürzt selber in den Verlust.} 25. Qxa2 g5 {Sowohl 25...Sd7 als auch 25...a5 leisten mehr Widerstand.} 26. Qa5+ Ke8 27. Qf5 {Es geht noch wirkungsvoller, wie man aus der Variante 27.Txg5 sieht.} (27. Rxg5 Rh1+ 28. Kf2 Rxa1 29. Qf5 Qe7 30. Bxf4 Nd7 31. Bc7 $18) 27... Be7 28. Qg6+ Kd8 29. c4 {Auch andere Wege, u.a. 29.Dg8+, sichern den Gewinn.} Rxd2 {Kein Oldie spielt dieses Opfer, wenn man nicht den Ernst der Lage begriffen hätte.} (29... Qxd4 30. Ba5+ {und gewinnt die Dame, bzw. wird es Matt in 9 Zügen.}) (29... Nd7 {was das Feld c8 für den schwarzen König freimacht, hilft auch nicht mehr wegen} 30. Ba5+ Kc8 31. c5 Qxd4 32. Bxd7+ Qxd7 33. Rd1 Rb8 {erzwungen} 34. Rxd7 Kxd7 35. Kd1 Rhb2 36. Rxg5 Bxg5 37. Qxg5 Rb1+ 38. Kc2 R8b2+ 39. Kc3 Rb3+ 40. Kc4 $18) 30. c5 $1 {Ein lästiger Zwischenzug.} Qxe6+ {Erzwungen, weil andere Züge zum Matt führen.} 31. Qxe6 Rxd4 32. Rh1 Nd7 33. Rh8+ Nf8 34. Qf7 Rd5 35. Rxf8+ {Wickelt zu einem leichten Gewinn ab.} Bxf8 36. Qxf8+ Kd7 37. Qxa8 {Schwarz kann nun das Matt in längstens 9 Zügen nicht mehr vermeiden.} Re5+ 38. Kf2 Rxc5 39. Qxa7+ Kd6 40. Qa3 g4 41. fxg4 Kd5 42. Rd1+ Ke6 {***AUFGEGEBEN***} 1-0